| 000 | 00902ngm a22003010a 4500 | ||
|---|---|---|---|
| 001 | PT15508 | ||
| 003 | AR-LpoUNG | ||
| 005 | 20210202000149.0 | ||
| 007 | vd cvaizq | ||
| 008 | 191001s1996||||ag |||||||||||||||||spa d | ||
| 037 | _c$11.66 | ||
| 040 |
_aAR-LpoUNG _bspa _cAR-LpoUNG _eaacr |
||
| 041 | _aspa | ||
| 044 | _aag | ||
| 082 | 0 | _a302 754baj | |
| 100 | 1 |
_aMosenson, Marcelo _edir. |
|
| 245 | 1 | 0 | _aBajo un mismo techo |
| 260 |
_aBuenos Aires : _bBlackman, _c[1996]. |
||
| 300 | _aVHS (52 min.) : son., col. | ||
| 520 | _aPocos son los lugares en donde las distintas clases sociales se juntan. Sin embargo, difícilmente pobres y ricos vivan bajo un mismo techo a excepción quizás, del binomio mucama-patrón. | ||
| 650 | 4 | _aPELICULAS | |
| 650 | 4 | _aRELACIONES HUMANAS | |
| 651 | 4 | _aArgentina | |
| 653 | _aCINE ARGENTINO | ||
| 653 | _aVIDEOS | ||
| 905 | _a15508 | ||
| 942 | _cVIDEO | ||
| 999 |
_c54238 _d54238 |
||